00314nam a22001097a 4500003000400000020001800004082001900022100004100041245006100082260005300143300000800196SGT a9788126715466 a891.4309bG08C aचौरसिया, विजय  aगोंडवाना की लोककथाएं b राजकमल प्रकाशन c2008 a331